000 00291nam a2200109Ia 4500
008 220204s9999 xx 000 0 und d
082 _a002.73125
_bMOT
100 _aMote, V L
245 0 _aManagerial economics: Concepts and cases
260 _aNew Delhi
_bTata McGraw Hill
_c1977
942 _cBK
999 _c26272
_d26272